[Event "Campeonato Brasileiro Amador 2015"]
[Site "Esporte Clube Pinheiros, São P"]
[Date "2015.05.02"]
[Round "5.49"]
[White "De Borba, Guilherme"]
[Black "Federzoni, Enzo"]
[Result "1/2-1/2"]
[WhiteElo "1863"]
[BlackElo "1677"]
[PlyCount "86"]
[EventDate "2015.04.30"]

1. d4 Nf6 2. c4 g6 3. f3 Bg7 4. e4 d6 5. Nc3 Nbd7 6. Be3 a6 7. Qd2 O-O 8. Bd3
c5 9. Nge2 Qa5 10. O-O cxd4 11. Nxd4 Ne5 12. Rfd1 Bd7 13. Rac1 Rfc8 14. b3 Nc6
15. Nxc6 Rxc6 16. Na4 Qxd2 17. Rxd2 Rac8 18. Nb6 Rxb6 19. Bxb6 Bh6 20. Rcd1
Bxd2 21. Rxd2 Bc6 22. Bf1 Nd7 23. Bd4 Nc5 24. b4 Ne6 25. b5 axb5 26. cxb5 Nxd4
27. Rxd4 Bd7 28. Rc4 Rxc4 29. Bxc4 Kg7 30. a4 b6 31. Bd5 Kf6 32. a5 bxa5 33. b6
Bc8 34. b7 Bxb7 35. Bxb7 a4 36. Bd5 e6 37. Ba2 Ke5 38. Kf2 Kd4 39. Ke2 Kc3 40.
Ke3 Kb2 41. Bc4 Kc3 42. Ba2 Kb2 43. Bc4 Kc3 1/2-1/2

[Event "Campeonato Brasileiro Amador 2015"]
[Site "Esporte Clube Pinheiros, São P"]
[Date "2015.05.02"]
[Round "5.50"]
[White "Karoly, Carlos Acacio Gomes"]
[Black "De Borba, Gabriel"]
[Result "1/2-1/2"]
[WhiteElo "1853"]
[BlackElo "1637"]
[PlyCount "54"]
[EventDate "2015.04.30"]

1. e4 c5 2. Nf3 e6 3. d4 cxd4 4. Nxd4 a6 5. Bd3 Nf6 6. Qe2 d6 7. O-O Be7 8. c4
Qc7 9. Nc3 O-O 10. Be3 b6 11. Rac1 Nbd7 12. Bb1 Bb7 13. Rfd1 Rac8 14. b3 Qb8
15. f3 Bd8 16. g4 h6 17. g5 hxg5 18. Bxg5 Rc5 19. Be3 Rh5 20. Kh1 Bc7 21. Rg1
d5 22. Rg2 dxe4 23. Nxe4 Nxe4 24. Bxe4 Bxe4 25. fxe4 Nf6 26. Rcg1 Rh7 27. Bg5
Nd7 1/2-1/2

[Event "Campeonato Brasileiro Amador 2015"]
[Site "Esporte Clube Pinheiros, São P"]
[Date "2015.05.02"]
[Round "5.51"]
[White "Pedroso, Andre Lucio"]
[Black "Silvestre, Gilmar Severino"]
[Result "1-0"]
[WhiteElo "1850"]
[BlackElo "1635"]
[PlyCount "97"]
[EventDate "2015.04.30"]

1. e4 c5 2. Nc3 e6 3. d3 Nc6 4. g3 Nf6 5. f4 d6 6. Bg2 Rb8 7. Nf3 Be7 8. h3 a6
9. Be3 Qc7 10. O-O b5 11. Kh2 b4 12. Ne2 e5 13. f5 Nd4 14. Nd2 Bb7 15. g4 d5
16. Ng3 h6 17. Nh5 Nxh5 18. gxh5 dxe4 19. Bxe4 Bxe4 20. Nxe4 Qd7 21. Qg4 Nxc2
22. Qxg7 Rf8 23. Bxh6 Rb6 24. Rad1 f6 25. Bc1 Nd4 26. h6 Kd8 27. h7 Qe8 28. Bh6
a5 29. Qxf8 Bxf8 30. h8=Q Bxh6 31. Qxh6 Qf7 32. Rd2 Qxa2 33. Qf8+ Kc7 34. Nxf6
a4 35. Qxc5+ Kb7 36. Qd5+ Qxd5 37. Nxd5 Rb5 38. Ne3 a3 39. bxa3 b3 40. Nc4 Kc6
41. f6 Ne6 42. f7 Rb8 43. Rf6 Kd5 44. a4 e4 45. Nb2 Ke5 46. Rf1 e3 47. Re2 Kd4
48. Rf6 Ke5 49. Rf3 1-0

[Event "Campeonato Brasileiro Amador 2015"]
[Site "Esporte Clube Pinheiros, São P"]
[Date "2015.05.02"]
[Round "5.52"]
[White "Lopes, Edson"]
[Black "Casarin, Luis Marcio Pinhatti"]
[Result "1/2-1/2"]
[WhiteElo "1612"]
[BlackElo "1848"]
[PlyCount "148"]
[EventDate "2015.04.30"]

1. e4 c5 2. Nf3 d6 3. d4 cxd4 4. Nxd4 Nf6 5. Nc3 a6 6. Be2 e6 7. Bg5 Be7 8. O-O
O-O 9. Re1 Qc7 10. a3 b5 11. Bd3 Bb7 12. Nf3 Nc6 13. Ne2 Rfd8 14. c3 Rac8 15.
Ned4 Ne5 16. Bxf6 Bxf6 17. Nxe5 Bxe5 18. Nf3 Bf6 19. Qe2 Qc5 20. Qe3 Qxe3 21.
Rxe3 Rc5 22. Rd1 g6 23. Nd2 Kf8 24. Nb3 Rg5 25. Rf3 Ke7 26. Nd4 d5 27. Re1 dxe4
28. Bxe4 Re5 29. Rfe3 Rxe4 30. Rxe4 Bxe4 31. Rxe4 Bxd4 32. cxd4 f5 33. Rh4 h5
34. Kf1 Rc8 35. Rh3 Rc1+ 36. Ke2 Rc2+ 37. Ke1 Rxb2 38. Rd3 g5 39. Re3 Kd6 40.
Rd3 a5 41. h3 g4 42. Kf1 a4 43. Ke1 f4 44. hxg4 hxg4 45. g3 e5 46. dxe5+ Kxe5
47. gxf4+ Kxf4 48. Rd4+ Kf3 49. Rd3+ Ke4 50. Re3+ Kf4 51. Rd3 Rb3 52. Rd5 Rxa3
53. Rxb5 Ra2 54. Kf1 a3 55. Kg2 Ra1 56. Rb4+ Kg5 57. Ra4 a2 58. Kh2 Kf5 59. Kg2
Ke5 60. Ra8 Kd4 61. Ra7 Kc3 62. Ra8 Kd3 63. Ra7 Ke4 64. Ra4+ Kf5 65. Ra3 Kg5
66. Ra5+ Kh4 67. Ra4 Rc1 68. Rxa2 Rc4 69. Ra3 Rc2 70. Ra4 Rc3 71. Re4 Rf3 72.
Re2 Kg5 73. Re5+ Kf4 74. Re2 Rd3 1/2-1/2

[Event "Campeonato Brasileiro Amador 2015"]
[Site "Esporte Clube Pinheiros, São P"]
[Date "2015.05.02"]
[Round "5.53"]
[White "Togni, Everton Batista"]
[Black "Fantinati, Nilton M. Nasciment"]
[Result "1-0"]
[WhiteElo "1846"]
[BlackElo "1561"]
[PlyCount "69"]
[EventDate "2015.04.30"]

1. e4 c5 2. Nf3 d6 3. d4 cxd4 4. Nxd4 a6 5. c4 Nf6 6. Nc3 g6 7. Be2 Bg7 8. Be3
O-O 9. g4 e5 10. Nc2 Be6 11. f3 Nc6 12. Qd2 Qc7 13. h4 h5 14. Bh6 Na5 15. Bxg7
Kxg7 16. b3 Rac8 17. Ne3 Nc6 18. Nf5+ Bxf5 19. gxf5 Nd4 20. Rg1 Qa5 21. Rc1 Nh7
22. f4 Qb6 23. Rg2 Qd8 24. Rh2 Nf6 25. Bd1 Ng4 26. Rh3 Qb6 27. Nd5 Nc2+ 28. Kf1
Qf2+ 29. Qxf2 Nxf2 30. Kxf2 Nd4 31. Rg3 Kh6 32. fxe5 dxe5 33. f6 b5 34. Be2 Ne6
35. Rgc3 1-0

[Event "Campeonato Brasileiro Amador 2015"]
[Site "Esporte Clube Pinheiros, São P"]
[Date "2015.05.02"]
[Round "5.54"]
[White "Ferreira, Rafael Cassoni Buelo"]
[Black "Aoyama, Edmundo"]
[Result "0-1"]
[WhiteElo "1569"]
[BlackElo "1829"]
[PlyCount "68"]
[EventDate "2015.04.30"]

1. e4 d6 2. d4 Nf6 3. Nc3 g6 4. f4 c6 5. Nf3 Bg7 6. Be3 b5 7. Bd3 Nbd7 8. Qd2
Nb6 9. O-O Ng4 10. Bf2 Nxf2 11. Qxf2 O-O 12. Rab1 Nc4 13. Bxc4 bxc4 14. b3 cxb3
15. axb3 Qb6 16. Ne2 Bg4 17. e5 Rfc8 18. c3 c5 19. h3 Bf5 20. Rb2 Bd3 21. Qe3
Bxe2 22. Qxe2 cxd4 23. cxd4 Rc3 24. Rfb1 e6 25. exd6 Qxd6 26. Qe4 Rd8 27. Rd1
Qb6 28. b4 Rc4 29. b5 Bxd4+ 30. Nxd4 Rdxd4 31. Rxd4 Rxd4 32. Qc6 Rd1+ 33. Kh2
Qg1+ 34. Kg3 Rd3+ 0-1

[Event "Campeonato Brasileiro Amador 2015"]
[Site "Esporte Clube Pinheiros, São P"]
[Date "2015.05.02"]
[Round "5.55"]
[White "Brassoloto, Adan"]
[Black "Sato, Leticia Miho"]
[Result "1-0"]
[WhiteElo "1820"]
[BlackElo "1403"]
[PlyCount "91"]
[EventDate "2015.04.30"]

1. c4 Nf6 2. Nf3 e6 3. g3 d5 4. d4 Be7 5. Bg2 Nbd7 6. O-O b6 7. b3 Bb7 8. Bb2
O-O 9. Nbd2 h6 10. Rc1 c5 11. e3 Rb8 12. Qc2 Re8 13. Rfe1 Ne4 14. Nxe4 dxe4 15.
Ne5 Nf6 16. Red1 Qc7 17. Qb1 Red8 18. a3 Bc6 19. Nxc6 Qxc6 20. b4 Qa8 21. dxc5
Rxd1+ 22. Rxd1 bxc5 23. b5 a6 24. a4 axb5 25. axb5 Qa4 26. Qc1 Qa8 27. Qc2 Rd8
28. Ra1 Qb8 29. Ra6 Nd7 30. Bxe4 Nb6 31. Bf3 Rd7 32. Qe4 Qd8 33. Bc3 Bf8 34.
Ba5 Rd6 35. Qb7 Rd7 36. Qxb6 Qxb6 37. Rxb6 Ra7 38. Ra6 Rd7 39. b6 Rd6 40. Ra8
Rd3 41. b7 Rb3 42. b8=Q Rxb8 43. Rxb8 e5 44. Be4 h5 45. Bc7 h4 46. Bd6 1-0

[Event "Campeonato Brasileiro Amador 2015"]
[Site "Esporte Clube Pinheiros, São P"]
[Date "2015.05.02"]
[Round "5.65"]
[White "Dutra, Liliam Guedes"]
[Black "Costa, Francisco Carlos Da "]
[Result "0-1"]
[WhiteElo "1623"]
[BlackElo "2001"]
[PlyCount "64"]
[EventDate "2015.04.30"]

1. d4 Nf6 2. c4 c5 3. d5 b5 4. cxb5 a6 5. Nc3 g6 6. e4 Bg7 7. Qc2 d6 8. Bd3 O-O
9. Nge2 Nbd7 10. O-O Nb6 11. Ng3 c4 12. Be2 axb5 13. Nxb5 Ba6 14. Bxc4 Rc8 15.
b3 Bxb5 16. Bf4 Nxc4 17. bxc4 Bxc4 18. Ne2 Bxd5 19. Qd2 Bxe4 20. Rad1 Rc2 21.
Qe1 Qc7 22. f3 Bb7 23. Nd4 Rxa2 24. Rc1 Qb6 25. Be3 Nd5 26. Bf2 Bxd4 27. Bxd4
Qxd4+ 28. Kh1 Ne3 29. Rg1 Nxg2 30. Qg3 Nh4 31. Rcf1 Nf5 32. Qh3 Rf2 0-1

[Event "Campeonato Brasileiro Amador 2015"]
[Site "Esporte Clube Pinheiros, São P"]
[Date "2015.05.02"]
[Round "5.66"]
[White "De Sousa, Fabiana"]
[Black "Carvalho Jr, Celestino"]
[Result "0-1"]
[WhiteElo "1612"]
[BlackElo "1997"]
[PlyCount "75"]
[EventDate "2015.04.30"]

1. d4 d5 2. Nf3 Nf6 3. e3 e6 4. Bd3 c5 5. b3 Nc6 6. Bb2 Bd7 7. Nbd2 b6 8. a3
Bd6 9. O-O O-O 10. Ne5 cxd4 11. exd4 Rc8 12. f4 Ne7 13. Qe2 b5 14. Rf3 b4 15.
Rh3 g6 16. Qf2 Kg7 17. Qh4 h5 18. Ndf3 Nf5 19. Qf2 Ng4 20. Qd2 a5 21. Nxd7 Qxd7
22. Ne5 Qb7 23. Be2 bxa3 24. Bxa3 Bxa3 25. Rxa3 Qb4 26. Qxb4 axb4 27. Ra7 Nxe5
28. dxe5 Rxc2 29. Bd3 Rc1+ 30. Kf2 Nd4 31. Rg3 Kh6 32. Rh3 Nc6 33. Rc7 Nd4 34.
Rxc1 Ra8 35. Be2 Ra7 36. Kf1 f5 37. Rc8 Kg7 38. Re3 {Planilha ilegível} 0-1

[Event "Campeonato Brasileiro Amador 2015"]
[Site "Esporte Clube Pinheiros, São P"]
[Date "2015.05.02"]
[Round "5.67"]
[White "Buarque, Hugo Leonardo De Bri"]
[Black "Campos, Igor Joao Stefani Si"]
[Result "1-0"]
[WhiteElo "1992"]
[BlackElo "1587"]
[PlyCount "103"]
[EventDate "2015.04.30"]

1. d4 d5 2. c4 c6 3. Nc3 e6 4. Nf3 Nf6 5. Bg5 Be7 6. e3 Bd7 7. Bd3 h6 8. Bh4
Ng4 9. Bg3 a5 10. cxd5 exd5 11. Rc1 O-O 12. Qb3 b6 13. O-O Be6 14. h3 Nf6 15.
Ne5 Nh5 16. Bh2 Bd6 17. Na4 Bxe5 18. Bxe5 b5 19. Nc5 Qe7 20. a4 b4 21. Rc2 Nd7
22. Bh2 Nxc5 23. Rxc5 Rfc8 24. Rfc1 Bd7 25. Qc2 Nf6 26. Qd1 Ne4 27. Bxe4 Qxe4
28. Qd2 Qg6 29. Bg3 Re8 30. Kf1 Re6 31. Bc7 Qe4 32. Qc2 Qh4 33. Rxa5 Rae8 34.
Bg3 Qh5 35. Ra7 Bc8 36. Qe2 Qf5 37. Qc2 Qh5 38. Kg1 Qg5 39. Rc7 Ba6 40. Rxc6
Rxc6 41. Qxc6 Re6 42. Qa8+ Kh7 43. Rc6 Bc4 44. Rxe6 fxe6 45. a5 Qf5 46. Be5 Bf1
47. Qb7 Qg6 48. Kxf1 Qb1+ 49. Ke2 Qxb2+ 50. Kf3 Kg6 51. Qxg7+ Kf5 52. Qf6# 1-0

[Event "Campeonato Brasileiro Amador 2015"]
[Site "Esporte Clube Pinheiros, São P"]
[Date "2015.05.02"]
[Round "5.68"]
[White "Ribeiro, Pablyto Robert Baioc"]
[Black "Pereira, Daniele Costa"]
[Result "0-1"]
[WhiteElo "1955"]
[BlackElo "1582"]
[PlyCount "38"]
[EventDate "2015.04.30"]

1. e4 e6 2. d3 d5 3. Nd2 dxe4 4. dxe4 b6 5. Ngf3 Bb7 6. Bb5+ Nc6 7. O-O g6 8.
Re1 Bg7 9. Bd3 Nge7 10. h3 O-O 11. e5 Nd5 12. a3 Nf4 13. Be4 Rb8 14. Bxc6 Bxc6
15. b3 Qe7 16. Bb2 Rfd8 17. Qc1 Bh6 18. Kh2 Nxg2 19. Kxg2 Bxd2 0-1

[Event "Campeonato Brasileiro Amador 2015"]
[Site "Esporte Clube Pinheiros, São P"]
[Date "2015.05.02"]
[Round "5.69"]
[White "De Moura, Valderi Nascimento"]
[Black "Bocca, Edson Ricardo"]
[Result "1/2-1/2"]
[WhiteElo "1799"]
[BlackElo "1583"]
[PlyCount "56"]
[EventDate "2015.04.30"]

1. e4 e5 2. Bc4 Nc6 3. Ne2 Bc5 4. c3 d6 5. b4 Bb6 6. a4 a5 7. Qb3 Qe7 8. Ba3
Be6 9. b5 Nd8 10. Bd5 Bxd5 11. exd5 Qg5 12. O-O Nf6 13. d4 e4 14. Bc1 Qg4 15.
h3 Qd7 16. Bg5 Qf5 17. Bxf6 Qxf6 18. Nd2 Qg6 19. Rad1 O-O 20. Nf4 Qh6 21. Ne2
f5 22. Nc4 Nf7 23. Ng3 g6 24. Ne3 Ng5 25. Kh2 f4 26. Ng4 fxg3+ 27. fxg3 Qg7 28.
h4 h5 1/2-1/2

[Event "Campeonato Brasileiro Amador 2015"]
[Site "Esporte Clube Pinheiros, São P"]
[Date "2015.05.02"]
[Round "5.70"]
[White "Castro, Leonardo Nascimento"]
[Black "Coronado, Evandro Jose"]
[Result "1/2-1/2"]
[WhiteElo "1550"]
[BlackElo "1787"]
[PlyCount "75"]
[EventDate "2015.04.30"]

1. Nf3 c5 2. g3 d5 3. Bg2 Nc6 4. O-O Nf6 5. d3 e5 6. Nbd2 Be7 7. e4 O-O 8. Re1
dxe4 9. dxe4 Bg4 10. c3 Qc7 11. a4 a6 12. Qc2 b5 13. Nf1 h6 14. Ne3 Be6 15. Rd1
Rad8 16. b3 Rxd1+ 17. Nxd1 Rd8 18. Nb2 b4 19. c4 Nd4 20. Nxd4 exd4 21. Nd3 Nd7
22. Bf4 Bd6 23. Qd2 Bxf4 24. Qxf4 Qxf4 25. gxf4 g6 26. h4 f5 27. e5 a5 28. Re1
Rc8 29. Bd5 Bf7 30. Kg2 Nb6 31. Bxf7+ Kxf7 32. Kf3 Nd7 33. Rg1 Rg8 34. Rg3 Rg7
35. Rg1 g5 36. hxg5 hxg5 37. Rg2 Rg6 38. Rg1 1/2-1/2

[Event "Campeonato Brasileiro Amador 2015"]
[Site "Esporte Clube Pinheiros, São P"]
[Date "2015.05.02"]
[Round "5.71"]
[White "Zmetek, Marcos Simao"]
[Black "Hoshino, Karen"]
[Result "0-1"]
[WhiteElo "1482"]
[BlackElo "1777"]
[PlyCount "48"]
[EventDate "2015.04.30"]

1. e4 e6 2. d4 d5 3. Nc3 Bb4 4. e5 c5 5. h3 Bxc3+ 6. bxc3 Qa5 7. Bd2 Qa4 8. Qg4
g6 9. Kd1 Nc6 10. Be3 Nxe5 11. Qg3 Nc6 12. Qd6 cxd4 13. cxd4 Nxd4 14. Bd3 Nc6
15. Bc5 Nge7 16. Nf3 O-O 17. Ne5 Re8 18. Be3 Nf5 19. Bxf5 exf5 20. Bh6 Qd4+ 21.
Ke2 Qxe5+ 22. Qxe5 Rxe5+ 23. Kd3 Bd7 24. Rab1 b6 0-1

[Event "Campeonato Brasileiro Amador 2015"]
[Site "Esporte Clube Pinheiros, São P"]
[Date "2015.05.02"]
[Round "5.72"]
[White "Nobre, Jailson Altair Barbo"]
[Black "Santos, Marcos Correia"]
[Result "0-1"]
[WhiteElo "1758"]
[BlackElo "1531"]
[PlyCount "32"]
[EventDate "2015.04.30"]

1. c4 f5 2. g3 Nf6 3. Bg2 d6 4. Nc3 e5 5. d3 Be7 6. Nf3 O-O 7. Bg5 Nbd7 8. O-O
Qe8 9. Rb1 Qh5 10. b4 h6 11. Bxf6 Nxf6 12. e3 f4 13. Nh4 Ng4 14. Nf3 fxg3 15.
hxg3 Rxf3 16. Re1 Qh2+ 0-1

[Event "Campeonato Brasileiro Amador 2015"]
[Site "Esporte Clube Pinheiros, São P"]
[Date "2015.05.02"]
[Round "5.73"]
[White "Queiroz, Stella Becker"]
[Black "Paiva, Paulo Ricardo Goncal"]
[Result "1-0"]
[WhiteElo "1728"]
[BlackElo "1513"]
[PlyCount "97"]
[EventDate "2015.04.30"]

1. e4 c5 2. Nf3 d6 3. d4 cxd4 4. Nxd4 Nf6 5. Nc3 a6 6. Bg5 e6 7. Be2 Be7 8. Be3
e5 9. Nb3 Be6 10. Qd2 Nbd7 11. f3 O-O 12. g4 h6 13. h4 Nh7 14. O-O-O Rc8 15.
Rdg1 Bxh4 16. Bxh6 gxh6 17. Qxh6 Bg5+ 18. Kb1 Bxh6 19. Rxh6 Qg5 20. Rh5 f6 21.
Rxg5+ fxg5 22. Rd1 Bxb3 23. axb3 Rc6 24. Nd5 Kg7 25. Ne7 Rb6 26. Nf5+ Rxf5 27.
exf5 Nhf6 28. Bc4 e4 29. f4 Nxg4 30. fxg5 Ne3 31. Re1 Nxf5 32. Be6 Kg6 33. Bxd7
d5 34. Rg1 Nd6 35. Rd1 Nf7 36. Be8 Re6 37. Bxf7+ Kxf7 38. Rxd5 e3 39. Rd1 e2
40. Re1 Kg6 41. Kc1 Kxg5 42. Kd2 Kf4 43. Rxe2 Rxe2+ 44. Kxe2 Ke4 45. Kd2 Kd4
46. c3+ Kc5 47. Kd3 a5 48. Ke4 b5 49. Kd3 1-0

[Event "Campeonato Brasileiro Amador 2015"]
[Site "Esporte Clube Pinheiros, São P"]
[Date "2015.05.02"]
[Round "5.74"]
[White "Francelli, Derli"]
[Black "Castellar, Juarez Iorio"]
[Result "1-0"]
[WhiteElo "1696"]
[BlackElo "1472"]
[PlyCount "67"]
[EventDate "2015.04.30"]

1. d4 d5 2. c4 Nf6 3. cxd5 Nxd5 4. e4 Nb6 5. Nc3 e6 6. Nf3 N8d7 7. Bd3 Be7 8.
O-O O-O 9. e5 Re8 10. Re1 Nf8 11. Qc2 Bd7 12. Be3 Rc8 13. Rac1 a6 14. Be4 c6
15. Qb3 Qc7 16. d5 c5 17. d6 Bxd6 18. exd6 Qb8 19. Qxb6 Bc6 20. Bxc5 Bxe4 21.
Nxe4 Rc6 22. Qb4 Nd7 23. Be3 Rec8 24. Rxc6 Rxc6 25. h3 Qc8 26. Nd4 Rc4 27. Qd2
Qf8 28. Rc1 Ne5 29. f4 Rxc1+ 30. Qxc1 Nd7 31. Qc7 Qe8 32. Qxb7 f5 33. Ng5 h6
34. Ngxe6 1-0

[Event "Campeonato Brasileiro Amador 2015"]
[Site "Esporte Clube Pinheiros, São P"]
[Date "2015.05.02"]
[Round "5.84"]
[White "Andor, Jorge"]
[Black "Brujin, Homero"]
[Result "1-0"]
[WhiteElo "1761"]
[BlackElo "1486"]
[PlyCount "79"]
[EventDate "2015.04.30"]

1. b3 d5 2. Bb2 c5 3. e3 e6 4. Nf3 Nf6 5. c4 Be7 6. cxd5 exd5 7. Bb5+ Bd7 8.
Qe2 O-O 9. O-O a6 10. Bxd7 Nbxd7 11. d4 Rc8 12. Nbd2 b5 13. dxc5 Bxc5 14. Qd3
Bb4 15. Rfd1 Nc5 16. Qf5 Nb7 17. Bxf6 Qxf6 18. Qxf6 gxf6 19. Nd4 Bc3 20. Rac1
Bxd4 21. exd4 Nd6 22. Kf1 b4 23. Rc5 Rxc5 24. dxc5 Nb5 25. Nb1 d4 26. Ke2 Re8+
27. Kd3 f5 28. Kc4 Re2 29. Rd2 Re5 30. Kxb4 Na7 31. Kc4 Nc6 32. b4 Re1 33. Rb2
Rd1 34. a4 d3 35. b5 axb5+ 36. axb5 Ne5+ 37. Kb3 Kf8 38. c6 Ke8 39. Nc3 Kd8 40.
Nxd1 1-0

[Event "Campeonato Brasileiro Amador 2015"]
[Site "Esporte Clube Pinheiros, São P"]
[Date "2015.05.02"]
[Round "5.85"]
[White "Mesquita, Arnaldo Leite"]
[Black "Sato, Claudio Takeshi"]
[Result "1-0"]
[WhiteElo "1730"]
[BlackElo "1473"]
[PlyCount "67"]
[EventDate "2015.04.30"]

1. Nf3 d5 2. c4 Nf6 3. e3 g6 4. cxd5 Nxd5 5. Nc3 Bg7 6. Bc4 Nb6 7. Be2 O-O 8.
d4 N8d7 9. O-O Nf6 10. a4 Nbd5 11. Bd2 b6 12. Ne5 Bb7 13. Rc1 e6 14. Bf3 Nd7
15. Nxd5 Bxd5 16. Nc6 Bxc6 17. Bxc6 Rc8 18. Bb4 Re8 19. Qc2 a5 20. Ba3 Bf8 21.
Bxf8 Rxf8 22. Bb7 Rb8 23. Qxc7 Nf6 24. Qxd8 Rfxd8 25. Ba6 Nd5 26. Rc4 Ra8 27.
Bb7 Ra7 28. Bxd5 Rxd5 29. Rfc1 b5 30. Rc8+ Kg7 31. Rb8 bxa4 32. Rc5 Rxc5 33.
dxc5 Kf6 34. f4 {ilegivel} 1-0

[Event "Campeonato Brasileiro Amador 2015"]
[Site "Esporte Clube Pinheiros, São P"]
[Date "2015.05.02"]
[Round "5.86"]
[White "Jesus, Mariana De"]
[Black "Camargo, Luca Oshiro"]
[Result "1/2-1/2"]
[WhiteElo "1727"]
[BlackElo "1467"]
[PlyCount "124"]
[EventDate "2015.04.30"]

1. e4 c5 2. Nf3 a6 3. d4 cxd4 4. Nxd4 Nf6 5. Nc3 e5 6. Nf3 Bb4 7. Bd3 d5 8.
exd5 e4 9. Bxe4 Nxe4 10. Qd4 Bxc3+ 11. bxc3 Nf6 12. Qe5+ Qe7 13. Qxe7+ Kxe7 14.
c4 Re8 15. O-O Kf8 16. Ba3+ Kg8 17. Rfe1 Rxe1+ 18. Rxe1 Bf5 19. Nd4 Bg6 20. c5
Nbd7 21. c6 bxc6 22. dxc6 Nb6 23. Bc5 Nbd5 24. c4 Nc7 25. Bb6 Ne6 26. Nxe6 fxe6
27. Rxe6 Rc8 28. f3 Bf7 29. Rd6 Ne8 30. Rd2 Rxc6 31. c5 Kf8 32. a3 Nf6 33. a4
Nd5 34. a5 Ke7 35. Kf2 Kd7 36. Rb2 Nf4 37. Rd2+ Nd5 38. g3 Kc8 39. Rb2 Nxb6 40.
cxb6 Kb7 41. Re2 Be6 42. g4 g5 43. Kg3 h6 44. h4 Bb3 45. Re7+ Kb8 46. Re8+ Rc8
47. Rxc8+ Kxc8 48. hxg5 hxg5 49. f4 gxf4+ 50. Kxf4 Kb7 51. Ke5 Kc6 52. g5 Bf7
53. Kf6 Bd5 54. Ke5 Bf7 55. Kf6 Bd5 56. Ke5 Kc5 57. g6 Kc6 58. Kd4 Kd6 59. g7
Bg8 60. Ke4 Kc6 61. Ke5 Kd7 62. Kf6 Kd6 1/2-1/2

[Event "Campeonato Brasileiro Amador 2015"]
[Site "Esporte Clube Pinheiros, São P"]
[Date "2015.05.02"]
[Round "5.87"]
[White "Alves, Sidney David"]
[Black "Schucman, Rebeca Lot"]
[Result "0-1"]
[WhiteElo "1495"]
[BlackElo "1708"]
[PlyCount "74"]
[EventDate "2015.04.30"]

1. d4 d5 2. Nf3 e6 3. c4 c6 4. Qc2 Nf6 5. g3 Nbd7 6. Bg2 Bd6 7. O-O O-O 8. Nbd2
Re8 9. e4 dxe4 10. Nxe4 Nxe4 11. Qxe4 e5 12. dxe5 Nxe5 13. Nxe5 Bxe5 14. Qc2 g6
15. Rd1 Qc7 16. Be3 Bf5 17. Qb3 a5 18. a4 Qe7 19. Rd2 Bd6 20. c5 Be5 21. Rad1
Bg4 22. f3 Be6 23. Qc2 Bd5 24. f4 Bxb2 25. Bxd5 Qxe3+ 26. Kg2 cxd5 27. Qxb2
Qe4+ 28. Kg1 Qe3+ 29. Kg2 Rad8 30. Qxb7 Qxc5 31. Qb2 Qc4 32. Qb5 Qe4+ 33. Kg1
d4 34. Qd3 Rd5 35. Qxe4 Rxe4 36. Rxd4 Rexd4 37. Rxd4 Rxd4 0-1

[Event "Campeonato Brasileiro Amador 2015"]
[Site "Esporte Clube Pinheiros, São P"]
[Date "2015.05.02"]
[Round "5.88"]
[White "Felix, Luiza De Oliveira"]
[Black "Pimenta, Breno Andrade"]
[Result "0-1"]
[WhiteElo "1464"]
[BlackElo "1686"]
[PlyCount "40"]
[EventDate "2015.04.30"]

1. e4 d6 2. d4 Nf6 3. Bd3 g6 4. Nf3 Bg7 5. c3 O-O 6. O-O c5 7. Be3 cxd4 8. Nxd4
Nc6 9. Nd2 Ng4 10. Nxc6 bxc6 11. Bd4 e5 12. Be3 Nxe3 13. fxe3 Qb6 14. Nc4 Qc7
15. Qf3 f5 16. Rad1 fxe4 17. Bxe4 Rxf3 18. Bxf3 Be6 19. e4 Bxc4 20. Rf2 Bxa2
0-1

[Event "Campeonato Brasileiro Amador 2015"]
[Site "Esporte Clube Pinheiros, São P"]
[Date "2015.05.02"]
[Round "5.89"]
[White "Leite, Tarcisio Dantas Frot"]
[Black "Primo E Silva, Beatriz"]
[Result "0-1"]
[WhiteElo "1686"]
[BlackElo "1467"]
[PlyCount "92"]
[EventDate "2015.04.30"]

1. e4 c5 2. Nf3 Nc6 3. d4 cxd4 4. Nxd4 g6 5. Be3 Bg7 6. Nxc6 bxc6 7. Bd4 Nf6 8.
e5 Nd5 9. c4 Nb4 10. Nc3 Qc7 11. Rc1 c5 12. Nb5 Qb6 13. Bc3 Nxa2 14. Ra1 Nxc3
15. Nxc3 Qxb2 16. Nd5 Qxe5+ 17. Be2 e6 18. f4 Qxa1 19. Nc7+ Ke7 20. O-O Qxd1
21. Rxd1 Rb8 22. Nb5 a6 23. Nd6 Bd4+ 24. Rxd4 cxd4 25. Ne4 a5 26. Nc5 Rb1+ 27.
Kf2 Ra1 28. Nb3 Ra2 29. Nxd4 a4 30. Ke3 a3 31. Kd3 Rxe2 32. Kxe2 a2 33. Nb3 Bb7
34. g3 Rg8 35. Na1 d5 36. cxd5 exd5 37. Kd2 Kd6 38. Kc2 d4 39. Kb2 Bd5 40. Nc2
d3 41. Na1 Kc5 42. Kc3 Be4 43. Nb3+ Kd5 44. Na1 Rc8+ 45. Kd2 Rc2+ 46. Kd1 Bf3+
0-1

[Event "Campeonato Brasileiro Amador 2015"]
[Site "Esporte Clube Pinheiros, São P"]
[Date "2015.05.02"]
[Round "5.90"]
[White "Ferreira, Renato Luis Bueloni"]
[Black "Resende, Lucas B. Massucato"]
[Result "1-0"]
[WhiteElo "1371"]
[BlackElo "1675"]
[PlyCount "43"]
[EventDate "2015.04.30"]

1. e4 e6 2. d4 d5 3. Nd2 c5 4. c3 cxd4 5. cxd4 Nc6 6. Ngf3 Bb4 7. e5 Nge7 8. a3
Ba5 9. Bd3 O-O 10. O-O Bb6 11. Nb3 Nf5 12. Bxf5 exf5 13. Bg5 Qe8 14. Re1 h6 15.
Bf4 g5 16. Nxg5 hxg5 17. Bxg5 Qe6 18. Bf6 Ne7 19. Qh5 Ng6 20. Re3 Bd8 21. Rh3
Re8 22. Qh7+ 1-0

[Event "Campeonato Brasileiro Amador 2015"]
[Site "Esporte Clube Pinheiros, São P"]
[Date "2015.05.02"]
[Round "5.91"]
[White "Lukjanenko Callegari, Lucca"]
[Black "Bail, Ellen Larissa"]
[Result "0-1"]
[WhiteElo "1320"]
[BlackElo "1644"]
[PlyCount "64"]
[EventDate "2015.04.30"]

1. f4 e5 2. fxe5 d6 3. exd6 Bxd6 4. Nf3 g5 5. d4 g4 6. Bg5 f6 7. e4 fxg5 8. Bc4
gxf3 9. O-O g4 10. Rxf3 gxf3 11. Qxf3 Qe7 12. e5 Bb4 13. Nc3 Bxc3 14. bxc3 Nd7
15. e6 Ndf6 16. g4 h6 17. d5 Qc5+ 18. Kg2 Qxc4 19. Re1 Qxg4+ 20. Qxg4 Nxg4 21.
c4 Ne7 22. Re4 Rg8 23. Kf3 Nxh2+ 24. Ke3 Rg3+ 25. Kf4 Rg4+ 26. Ke5 Nf3+ 27. Kf6
Rxe4 28. c5 Nxd5+ 29. Kg7 Bxe6 30. c4 Rg4+ 31. Kh7 Bf5+ 32. Kxh6 Kf7 0-1

[Event "Campeonato Brasileiro Amador 2015"]
[Site "Esporte Clube Pinheiros, São P"]
[Date "2015.05.02"]
[Round "5.92"]
[White "Meirelles, Olyntho Vitoria"]
[Black "Sato, Luiz Henrique Yuzo T"]
[Result "0-1"]
[WhiteElo "1585"]
[BlackElo "1240"]
[PlyCount "102"]
[EventDate "2015.04.30"]

1. e4 e5 2. f4 d6 3. Nf3 Nf6 4. Nc3 Nc6 5. Bb5 Bd7 6. d3 a6 7. Bxc6 Bxc6 8.
fxe5 dxe5 9. Nxe5 Qd6 10. Nxc6 Qxc6 11. Qf3 O-O-O 12. Bg5 Be7 13. O-O-O Rhe8
14. Bxf6 Bxf6 15. Nd5 Bg5+ 16. Kb1 f6 17. Qf5+ Qe6 18. Qxh7 Bh6 19. Rhf1 Qg4
20. Qf5+ Qxf5 21. Rxf5 c6 22. Nc3 b5 23. a3 a5 24. Rc5 Kb7 25. Rf1 Kb6 26. Rff5
g6 27. Rxc6+ Kxc6 28. Rxf6+ Rd6 29. Rxd6+ Kxd6 30. Nxb5+ Ke5 31. g3 Rf8 32. Nc3
Rf2 33. b4 axb4 34. axb4 Rxh2 35. Nd5 Bd2 36. b5 Rh7 37. c4 Rb7 38. Kb2 Ba5 39.
Kb3 Kd4 40. Nf4 Rb6 41. Kc2 Rf6 42. Kb3 g5 43. Ka4 gxf4 44. Kxa5 fxg3 45. b6
Rxb6 46. Kxb6 g2 47. c5 g1=Q 48. c6 Qb1+ 49. Kc7 Qxd3 50. Kb7 Qxe4 51. Kc7 Kc5
0-1